000 00328nam a2200145Ia 4500
003 OSt
008 191201s2019 xx 000 0 und d
082 _a004.6
_bGUC
100 _aGupta,Deepak
245 0 _aComputer Network with LAN & Networking
260 _bKatson
300 _a273
650 _aB.Tech(CSE)
942 _2ddc
_cBK
999 _c6861
_d6861